| 000 | 00592nam a2200217Ia 4500 | ||
|---|---|---|---|
| 005 | 20241129115532.0 | ||
| 008 | 241129s9999||||xx |||||||||||||| ||und|| | ||
| 020 | _a9781685097882 | ||
| 037 | _aTB | ||
| 040 |
_aSDCL _beng _cSDCL |
||
| 041 |
_aeng _2eng |
||
| 084 |
_aV2:24'P R1 _qSDCL |
||
| 100 | _aThirumali Inukonda | ||
| 245 | 0 | _aIndia: Nation and its people caste and parties in the making of democracy | |
| 260 |
_aChennai _bNotion Press _c2021 |
||
| 300 | _a359p. | ||
| 365 |
_aINR _b480 |
||
| 650 | _aGift | ||
| 942 |
_cTB _hV2:24'P R1 |
||
| 999 |
_c1230866 _d1230866 |
||